<The> Analysis of the Golden Rule in the Balance Sheet of Selected Business Accounting Entities

Podstata a analýza zlatého bilančného pravidla. Časové hľadisko členenia majetku a zdrojov majetku. Aplikácia zlatého bilančného pravidla v konkrétnych účtovných jednotkách.

Na minha lista:
Detalhes bibliográficos
Autor principal: Blahušiaková, Miriama, 1980-
Formato: Capítulo de Livro
Idioma:eslovaco
Assuntos:
Tags: Adicionar Tag
Sem tags, seja o primeiro a adicionar uma tag!

MARC

LEADER 00000nla a2200000 4500
001 0240929
005 20240502083646.1
041 0 |a slo 
044 |a CZ 
245 1 0 |a <The> Analysis of the Golden Rule in the Balance Sheet of Selected Business Accounting Entities  |c Miriama Blahušiaková 
520 |a Podstata a analýza zlatého bilančného pravidla. Časové hľadisko členenia majetku a zdrojov majetku. Aplikácia zlatého bilančného pravidla v konkrétnych účtovných jednotkách. 
610 2 0 |a účtovníctvo 
610 2 0 |a pravidlá účtovné 
610 2 0 |a jednotka účtovná 
610 2 0 |a analýza ekonomická 
610 2 0 |a kapitalizácia 
610 2 0 |a majetok 
610 2 0 |a majetok podnikový 
100 1 |a Blahušiaková, Miriama, 1980-